000 00999nam a2200385 a 4500
003 AR-BaBNM
005 20251128204802.0
008 082120s2002 ||||||||||||||000 | spa||
020 _a968-16-3069-6
040 _cAR-BaBNM
100 1 _aChénieux-Gendron, Jacqueline
245 0 0 _aEl surrealismo
250 _a1ª ed.
260 _aMéxico, D.F.
_bFondo de Cultura Económica
_c1989
300 _a370 p.
490 0 _aBreviarios
_vv. 465
500 _aIndice analítico en p. 353-368
504 _aContiene bibliografía en p. 335-351
650 4 _aARTE
650 4 _aLENGUAJES SIMBOLICOS
650 4 _aANALISIS LITERARIO
650 4 _aCRITICA LITERARIA
650 4 _aHISTORIA LITERARIA
650 4 _aMITOLOGIA
650 4 _aESTETICA
650 4 _aANARQUISMO
650 4 _aMARXISMO
650 4 _aREVOLUCION
653 _aSURREALISMO
653 _aSIMBOLISMO
655 _aLITERATURA
700 1 _aUtrilla, Juan José
_etraductor
942 _cBK
998 _cGLORIA
999 _c8821
_d8821